00568nas a2200193 4500001001000000003000900010005001700019007000300036008003400039040005400073041000900127072000800136110006000144245004200204650000900246650001000255650001100265773009800276BR8700974BR-BrBNA20231205090554.0ta230509b bl.|||p| |||| 00| 00por d aBR-BrBNAbporcBiblioteca Nacional de Agricultura a(Pt) aH101 aCentro do Comercio de Cafe, Rio de Janeiro, RJ (Brasil)1 aBroca: esse mal ja tem remedio [cafe] aCAFE aBROCA aINSETO0 tRevista do Comercio de Cafe (Brazil)xISSN 0034-9224g(Oct 1984), v. 64(701) p. 29wBR8700974